Effect of botanicals on soybean storage pest callosobruchus maculatus ឥទ្ធិពលថ្នាំកសិកម្មផ្សំពីរុក្ខជាតិទៅលើខ្មូតកាល់ឡូសូប្រូគុល​​ម៉ាគុលឡាទុស​លើការស្ដុកសណ្ដែកសៀង (Record no. 476)

000 -LEADER
fixed length control field 00662nam a22001457a 4500
003 - CONTROL NUMBER IDENTIFIER
control field OSt
005 - DATE AND TIME OF LATEST TRANSACTION
control field 20150915103715.0
008 - FIXED-LENGTH DATA ELEMENTS--GENERAL INFORMATION
fixed length control field 150915b xxu||||| |||| 00| 0 eng d
040 ## - CATALOGING SOURCE
Transcribing agency RUA
082 ## - DEWEY DECIMAL CLASSIFICATION NUMBER
Classification number AGR KEO 2000 B023 Or.1
100 ## - MAIN ENTRY--PERSONAL NAME
9 (RLIN) 494
Personal name KEO, CHANDRY.
245 ## - TITLE STATEMENT
Title Effect of botanicals on soybean storage pest callosobruchus maculatus ឥទ្ធិពលថ្នាំកសិកម្មផ្សំពីរុក្ខជាតិទៅលើខ្មូតកាល់ឡូសូប្រូគុល​​ម៉ាគុលឡាទុស​លើការស្ដុកសណ្ដែកសៀង
300 ## - PHYSICAL DESCRIPTION
Extent 68p.
Other physical details ill.
Dimensions 29cm.
942 ## - ADDED ENTRY ELEMENTS (KOHA)
Source of classification or shelving scheme
Koha item type AGR
Holdings
Price effective from Date last seen Permanent Location Not for loan Date acquired Date last checked out Source of classification or shelving scheme Total Checkouts Koha item type Barcode Lost status Damaged status Withdrawn status Current Location Full call number
2015-09-152015-09-15Library Block B 2015-09-15   AGRRUA001649   Library Block BAGR KEO 2000 B023 Or.1
2015-09-152015-09-15Library Block B 2015-09-15   AGRRUA001665   Library Block BAGR KEO 2000 B023 Or.2
2015-09-152015-09-15Library Block B 2015-09-15   AGRRUA001881   Library Block BAGR KEO 2000 B023 Or.3
2015-09-152015-09-15Library Block B 2015-09-15   AGRRUA001809   Library Block BAGR KEO 2000 B023 Or.4
2015-09-152015-09-15Library Block B 2015-09-15   AGRRUA001737   Library Block BAGR KEO 2000 B023 Or.5
2015-09-272025-12-23Library Block B 2015-09-272025-10-23 1AGRRUA008518   Library Block BAGR KEO 2000 B023 Or.6
មជ្ឈមណ្ឌលឯការនៃសាកលវិទ្យាល័យភូមិន្ទកសិកម្មចំការដូង

Powered by Koha